| 000 | 00471nam a2200145Ia 4500 | ||
|---|---|---|---|
| 008 | 151015s9999 xx 000 0 und d | ||
| 020 | _a9.7802737147e+012 | ||
| 050 | _aHG 4028.B2R89 2008 | ||
| 245 | _aRoberts,Clare | ||
| 250 | _a_International Corporate reporting a comparative approach Clare Roberts | ||
| 300 | _aEngland Pearson Education 2008 | ||
| 500 | _aincludes index. | ||
| 650 | _a_International business entreprice | ||
| 700 | _a^d20110202 09:51:15^oanne | ||
| 999 |
_c1216 _d1216 |
||